Premier League All Time Table - Statistics

General Stats
  • This quiz has been taken 24 times
  • The average score is 40 of 51
Answer Stats
Points P W D L Club % Correct
2467 1302 717 316 269 Arsenal
100%
2363 1302 680 323 299 Chelsea
100%
846 688 224 174 290 Leicester City
100%
2401 1302 694 319 289 Liverpool
100%
1957 1112 573 238 301 Manchester City
100%
2608 1302 773 289 240 Manchester United
100%
666 644 165 171 308 Sunderland
100%
1989 1302 560 309 433 Tottenham Hotspur
100%
1612 1188 428 328 432 Aston Villa
95%
1747 1302 463 366 473 Everton
95%
864 618 233 165 220 Leeds United
95%
1653 1184 452 297 435 Newcastle United
95%
1429 1146 380 289 477 West Ham United
95%
495 454 129 108 217 Wolverhampton Wanderers
95%
409 340 108 85 147 AFC Bournemouth
91%
370 378 92 94 192 Burnley
91%
841 720 219 184 317 Fulham
91%
1100 962 282 254 426 Southampton
91%
433 340 108 109 123 Brighton & Hove Albion
86%
755 652 193 176 283 Crystal Palace
86%
246 240 61 63 116 Ipswich Town
86%
402 392 99 105 188 Norwich City
86%
417 348 108 97 143 Nottingham Forest
86%
970 696 262 184 250 Blackburn Rovers
82%
39 38 10 9 19 Blackpool
82%
251 188 68 47 73 Brentford
82%
293 266 79 65 122 Portsmouth
82%
490 494 117 139 238 West Bromwich Albion
82%
409 354 99 112 143 Coventry City
77%
171 190 41 48 101 Hull City
77%
308 278 81 65 132 Queens Park Rangers
77%
225 236 56 57 123 Sheffield United
77%
392 316 101 89 126 Sheffield Wednesday
77%
312 266 82 66 118 Swansea City
77%
64 76 17 13 46 Cardiff City
73%
457 380 116 109 155 Stoke City
73%
301 266 73 82 111 Birmingham City
68%
361 304 93 82 129 Charlton Athletic
68%
26 38 6 8 24 Luton Town
68%
661 574 165 169 240 Middlesbrough
68%
331 304 85 76 143 Wigan Athletic
64%
374 301 96 86 119 Wimbledon
64%
274 266 68 70 128 Derby County
59%
53 76 12 17 47 Huddersfield Town
59%
119 114 32 23 59 Reading
59%
285 304 73 66 165 Watford
55%
35 38 10 5 23 Barnsley
50%
575 494 149 128 217 Bolton Wanderers
50%
62 76 14 20 42 Bradford City
45%
30 42 5 15 22 Swindon Town
41%
89 84 22 23 39 Oldham Athletic
36%
No matching quizzes found
Score Distribution
Percent of People with Each Score
Percentile by Number Answered
Your Score History
You have not taken this quiz